FAO fisheries circular N.849 The food and feeding of farmed fish and shrimp an annotated selection of FAO field documents 1973-1991

The document present an annotated list of 326 selected FAO field reports concerned with or containing relevant information on, the food and feeding of farmed fish and shrimp, including pond fertilization through direct or livestock integrtion, live food production, and artificial diet feeding. The r...

Deskribapen osoa

Gorde:
Xehetasun bibliografikoak
Egile nagusia: Tacon, A G.J
Formatua: Liburua
Hizkuntza:Undetermined
Argitaratua: Rome FAO 1992
Gaiak:
Etiketak: Etiketa erantsi
Etiketarik gabe, Izan zaitez lehena erregistro honi etiketa jartzen!
Thư viện lưu trữ: Trung tâm Học liệu Trường Đại học Cần Thơ
LEADER 01172nam a2200217Ia 4500
001 CTU_4050
008 210402s9999 xx 000 0 und d
082 |a 639 
082 |b T119/N.849 
100 |a Tacon, A G.J 
245 0 |a FAO fisheries circular N.849 
245 4 |b The food and feeding of farmed fish and shrimp an annotated selection of FAO field documents 1973-1991 
245 2 |c A G.J Tacon, FAO 
260 |a Rome 
260 |b FAO 
260 |c 1992 
520 |a The document present an annotated list of 326 selected FAO field reports concerned with or containing relevant information on, the food and feeding of farmed fish and shrimp, including pond fertilization through direct or livestock integrtion, live food production, and artificial diet feeding. The reports presented were producted during the activities of 68 FAO field projects between 1973 and 1981. Reports are listed by project for individual countries or by region. Author, country and genera indexes are provided. 
650 |a fisheries,fishes 
650 |x feeding and feeds 
904 |i Nguyễn Quang Điền, 960530 
980 |a Trung tâm Học liệu Trường Đại học Cần Thơ